Countries Spain Has Declared War On - Statistics

General Stats
  • This quiz has been taken 46 times
  • The average score is 39 of 59
Answer Stats
Date Conflict Outcome Answer % Correct
1783 Cherokee-______ Wars Defeat United States
100%
1209 Albigensian Crusade Defeat United Kingdom
97%
1809 War of the Fifth Coalition Defeat Italy
95%
1774 Siege of Melilla Victory Morocco
95%
966 Battle of Aguioncha Defeat Portugal
95%
496 ______-Visigothic War Defeat France
92%
1821 Spanish reconquest in ______ Defeat Mexico
92%
844 Viking Expedition of 844 Victory Norway
92%
1515 Spanish-Ottoman Wars Defeat Turkey
92%
1209 Albigensian Crusade Defeat Austria
89%
1515 Spanish-Ottoman Wars Defeat Algeria
86%
1516 Spanish-______ War Victory Algeria
86%
1508 War of the League of Cambrai Defeat Germany
86%
1303 Catalan Campaign in Asia Minor Victory Greece
86%
1245 Great Interregnum Compromise Netherlands
84%
1515 Spanish-Ottoman Wars Defeat Egypt
81%
1809 Ecuadorian War of Independence Defeat Peru
81%
859 ___ Raids in the Mediterranean Sea Defeat Sweden
81%
1593 Sino-Spanish Conflicts Victory China
78%
1809 Ecuadorian War of Independence Defeat Colombia
78%
1803 Caribbean Campaign of 1803 Victory Cuba
78%
859 ___ Raids in the Mediterranean Sea Defeat Denmark
78%
1991 Gulf War Victory Iraq
78%
1515 Spanish-Ottoman Wars Defeat Tunisia
78%
1557 Bandeirantes Raids Stalemate Brazil
76%
1541 Conquest of _______ Victory Chile
76%
1999 East Timorese Crisis Victory Indonesia
76%
1515 Spanish-Ottoman Wars Defeat Libya
76%
1781 Insurrection of the comuneros Victory Venezuela
73%
1994 Turbot War Defeat Canada
68%
1863 _____ Restoration War Defeat Dominican Republic
68%
942 ______ Raid in Spain Defeat Hungary
68%
1680 Occupation of Sacramento Colony Victory Uruguay
68%
2001 War in _______ Defeat Afghanistan
65%
1808 Peninsular War Victory Poland
65%
1811 Venezuelan War of Independence Defeat Haiti
62%
1579 Second Desmond Rebellion Defeat Ireland
62%
1567 ______ Revolts Against Spain Victory Philippines
62%
1624 Spanish-Siam War Defeat Thailand
59%
1330 Battle of Velbazhd Victory Bulgaria
54%
1918 Rio Muni Punishment Expedition Victory Equatorial Guinea
54%
1453 Fall of Constantinople Defeat Serbia
54%
1526 Hungarian Civil War Stalemate Serbia
54%
1524 Spanish Conquest of ________ Victory Honduras
51%
1798 War of the Second Coalition Victory Malta
51%
1602 Battle of L’Escalade Defeat Switzerland
51%
1376 Navarres Conquest of _______ Victory Albania
49%
1449 Aragonese-Venice War Victory Bosnia and Herzegovina
46%
1524 Spanish Conquest of ________ Victory El Salvador
43%
1189 Third Crusade Treaty Cyprus
38%
1975 Green March1 Inconclusive Muaritania
38%
1330 Aragoneses-Genoese War Indecisive Monaco
35%
1992 _____ Civil War Victory Somalia
32%
1811 Venezuelan War of Independence Defeat Grenada
24%
1578 Castilian War Stalemate Brunei
19%
1593 _____-Spanish War Defeat Cambodia
19%
1526 Ottoman-Habsburg Wars Victory Moldova
16%
1542 Spanish Expedition of _____ Islands Defeat Papua New Guinea
14%
2012 _______________ Civil War Ongoing Central African Republic
11%
No matching quizzes found
Score Distribution
Percent of People with Each Score
Percentile by Number Answered
Your Score History
You have not taken this quiz